| 000 | 01040nam a2200265 a 4500 | ||
|---|---|---|---|
| 001 | 000021380 | ||
| 003 | OSt | ||
| 005 | 20250409122710.0 | ||
| 008 | 100907s1981 dr 000 0 spa d | ||
| 040 |
_aDO-SdBNP _bspa _cBNPHU |
||
| 082 |
_a972.9382 _bM524m _222 |
||
| 100 | 1 |
_aMella Chavier, Georgilio _944631 |
|
| 245 | 1 | 0 |
_aMemorias del Guabatico / _cGeorgilio Mella Chavier. |
| 260 |
_aSan Pedro de Macorís, República Dominicana :, _c1981. _bUniversidad Central del Este |
||
| 300 |
_a253 p. ; _c23 cm. |
||
| 490 | 1 |
_aUniversidad Central del Este _aLiteraria _v3 |
|
| 590 | _aInventariado. 2020/VM | ||
| 650 | 4 |
_aCiudades y pueblos _zRepública Dominicana _9784 |
|
| 651 | 4 |
_aSan Pedro De Macorís (República Dominicana) _xHistoria Local _97812 |
|
| 651 | 4 |
_aSan Pedro De Macorís (República Dominicana) _xVida Social Y Costumbres _97813 |
|
| 710 | 1 |
_aUniversidad Central del Este _937229 |
|
| 830 | 0 |
_aUniversida Central del Este ; Literaria _v3 _921679 |
|
| 910 | _aVMateo / Validado. Control de calidad EMS | ||
| 942 |
_2ddc _cLBS1 |
||
| 999 |
_c20880 _d20880 |
||